[Event "Leipzig VfB op 23rd"]
[Site "Leipzig"]
[Date "2016.03.18"]
[Round "6"]
[White "Friedel, Roland"]
[Black "Wenzel, Ingo"]
[Result "1/2-1/2"]
[WhiteElo "1612"]
[BlackElo "1735"]
[PlyCount "41"]
[EventDate "2016.03.15"]
[EventType "swiss"]
[EventRounds "9"]
[EventCountry "GER"]
[SourceTitle "EXT 2017"]
[Source "ChessBase"]
[SourceDate "2016.10.25"]
[SourceVersion "1"]
[SourceVersionDate "2016.10.25"]
[SourceQuality "1"]

1. d4 d5 2. Nf3 Nf6 3. Bg5 Nbd7 4. Nbd2 e6 5. e3 Be7 6. Bd3 h6 7. Bh4 0-0 8. 0-0 b6 9. c3 c5 10. Ne5 Bb7 11. f4 Nxe5 12. fxe5 Nd7 13. Bxe7 Qxe7 14. Qh5 c4 15. Bc2 Qg5 16. Qxg5 hxg5 17. Rf3 f6 18. exf6 gxf6 19. Raf1 Kg7 20. Rh3 Rh8 21. Rxh8 1/2-1/2

[Event "Leipzig VfB op 23rd"]
[Site "Leipzig"]
[Date "2016.03.16"]
[Round "3"]
[White "Wenzel, Ingo"]
[Black "Artmann, Juergen"]
[Result "0-1"]
[WhiteElo "1735"]
[BlackElo "1758"]
[PlyCount "42"]
[EventDate "2016.03.15"]
[EventType "swiss"]
[EventRounds "9"]
[EventCountry "GER"]
[SourceTitle "EXT 2017"]
[Source "ChessBase"]
[SourceDate "2016.10.25"]
[SourceVersion "1"]
[SourceVersionDate "2016.10.25"]
[SourceQuality "1"]

1. e4 d5 2. exd5 Qxd5 3. Nc3 Qa5 4. d4 c6 5. Bd3 Nf6 6. Bd2 Bg4 7. f3 Bh5 8. Nge2 e6 9. a3 Qc7 10. Bg5 Nbd7 11. Qd2 Bg6 12. 0-0-0 Bxd3 13. Qxd3 Bd6 14. Ne4 Nxe4 15. fxe4 f6 16. Be3 0-0-0 17. g3 Kb8 18. Nf4 Rhe8 19. d5 Nc5 20. Bxc5 Bxc5 21. Nxe6 Rxe6 0-1